[Event "SN-2010-0-00260"]
[Site "LSS email"]
[Date "2010.07.14"]
[Round "?"]
[White "Mori, Roberto"]
[Black "Di Reda, Bruno"]
[Result "1-0"]
[WhiteElo "664"]
[BlackElo "800"]
[PlyCount "43"]
[EventDate "2010.06.29"]
[EventType "tourn (corr)"]
[EventRounds "6"]
[EventCountry "GER"]
[SourceTitle "Telechess CBM 143"]
[Source "ChessBase"]
[SourceDate "2011.07.15"]
[SourceVersion "1"]
[SourceVersionDate "2011.07.15"]
[SourceQuality "1"]

1. e4 e5 2. Nf3 Nc6 3. Bb5 a6 4. Ba4 Nf6 5. Nc3 Be7 6. 0-0 d6 7. h3 b5 8. Bb3 0-0 9. d3 Na5 10. Bd5 c6 11. Bb3 Nxb3 12. axb3 Bb7 13. Bg5 h6 14. Bh4 a5 15. Qd2 b4 16. Na2 Nxe4 17. dxe4 Bxh4 18. Nxh4 Qxh4 19. Qxd6 Qxe4 20. Qd3 Qxd3 21. cxd3 Rfd8 22. Nc1 1-0